Diskurs umění a vzdělávání

Saved in:
Bibliographic Details
Main Author Fulková, Marie, 1955- (Author)
Format Book
LanguageCzech
Published Jinočany : H & H, 2008
EditionVyd. 1.
Subjects
ISBN9788073190767
Physical Description335 s. : il., portréty ; 23 cm

Cover

LEADER 00000cam a2200000 a 4500
001 55804
003 CZ-ZlUTB
005 20240829142948.0
007 ta
008 071211s2008 xr ac f 000 0 cze
015 |a cnb001782803 
020 |a 9788073190767  |q (brož.) 
035 |a (OCoLC)321036302 
040 |a BOA001  |b cze  |d ABA001  |d ZLD002 
072 7 |a 37  |x Výchova a vzdělávání  |2 Konspekt  |9 22 
080 |a 72/76  |2 MRF 
080 |a 316.7  |2 MRF 
080 |a 37.0  |2 MRF 
080 |a 72/76:37.016  |2 MRF 
080 |a 801.73  |2 MRF 
080 |a (048.8)  |2 MRF 
100 1 |a Fulková, Marie,  |d 1955-  |7 ola2008419329  |4 aut 
245 1 0 |a Diskurs umění a vzdělávání /  |c Marie Fulková 
250 |a Vyd. 1. 
260 |a Jinočany :  |b H & H,  |c 2008 
300 |a 335 s. :  |b il., portréty ;  |c 23 cm 
504 |a Obsahuje bibliografii 
521 8 |a Určeno ke vzdělávacím účelům 
650 0 7 |a umění  |7 ph116538  |2 czenas 
650 0 7 |a kultura  |7 ph122009  |2 czenas 
650 0 7 |a vzdělávání  |7 ph127311  |2 czenas 
650 0 7 |a výtvarná výchova  |7 ph127464  |2 czenas 
650 0 7 |a diskurzivní analýza  |7 ph503054  |2 czenas 
650 0 9 |a art  |2 eczenas 
650 0 9 |a culture  |2 eczenas 
650 0 9 |a education  |2 eczenas 
650 0 9 |a art education  |2 eczenas 
650 0 9 |a discourse analysis  |2 eczenas 
655 7 |a studie  |7 fd133597  |2 czenas 
655 9 |a studies  |2 eczenas 
910 |a ZLD002 
928 1 |a Nakladatelství H+H Vyšehradská 
952 |0 0  |1 0  |4 0  |6 37FULKOVÁM  |7 0  |8 BOOK  |9 102009  |a UTBZL  |b UTBZL  |c 005  |d 2010-04-28  |l 0  |o 37/FULKOVÁ,M.  |p 420010131674  |r 2019-08-26 00:00:00  |v 220.00  |w 2019-08-26  |x N:nákup; | 20100831  |y 01 
952 |0 0  |1 0  |4 0  |6 37FULKOVÁM  |7 0  |8 BOOK  |9 102010  |a UTBZL  |b UTBZL  |c 006  |d 2010-04-28  |l 10  |m 2  |o 37/FULKOVÁ,M.  |p 420010131675  |r 2025-01-06 00:00:00  |s 2024-12-16  |v 220.00  |w 2019-08-26  |x N:nákup; | 20100831  |y 04 
952 |0 0  |1 0  |4 0  |6 37FULKOVÁM  |7 0  |8 BOOK  |9 102011  |a UTBZL  |b UTBZL  |c 006  |d 2010-04-28  |l 13  |m 8  |o 37/FULKOVÁ,M.  |p 420010131676  |r 2023-01-24 00:00:00  |s 2023-01-03  |v 220.00  |w 2019-08-26  |x N:nákup; | 20100831  |y 04 
992 |a BK  |b SK  |d 12 
901 |b 9788073190767  |f 1. vyd.  |o 20090430 
998 |a 001782803 
999 |c 55804  |d 55804